Welcome to the Holygrace Academy Library

Please use search bar below to get started

COMPREHENSIVE PHYSICS (Record no. 1547)

MARC details
000 -LEADER
fixed length control field 00333nam a22001337a 4500
020 ## - INTERNATIONAL STANDARD BOOK NUMBER
ISBN 978-81-318-0205-2
082 ## - DEWEY DECIMAL CLASSIFICATION NUMBER
Classification number 530
Item number NAR/C
100 ## - MAIN ENTRY--AUTHOR NAME
Personal name KUMAR, NARINDER
245 ## - TITLE STATEMENT
Title COMPREHENSIVE PHYSICS
Remainder of title FOR CLASS XII
250 ## - EDITION STATEMENT
Edition statement NEW EDITION
260 ## - PUBLICATION, DISTRIBUTION, ETC. (IMPRINT)
Place of publication DELHI
Name of publisher LAXMI PUBLICATIONS
650 ## - SUBJECT ADDED ENTRY--TOPICAL TERM
Topical Term PHYSICS FOR CLASS XII
Geographic subdivision INDIA
942 ## - ADDED ENTRY ELEMENTS (KOHA)
Koha item type Books
Holdings
Withdrawn status Lost status Collection code Home library Current library Shelving location Date acquired Source of acquisition Cost, normal purchase price Full call number Accession Number Koha item type
    Reference Main Library Main Library SHELF-9 A XII PHYSICS 12/09/2023 purchase 750.00 530 NAR/C 12831 Books